000 01126nam a22003377a 4500
001 6220
003 FISKH
005 20250331112340.0
008 250331b cb ||||| |||| 00| 0 eng d
020 _a9780060511159
040 _aDLC
_cDLC
_dDLC
_beng
050 _aPZ7.P219 G
082 _a 813.54
100 1 _aParish, Peggy.
_d(1927–1988)
245 1 0 _aGood work, Amelia Bedelia /
_cby Peggy Parish ; pictures by Lynn Sweat.
250 _aThis edition first published in 1976
260 _aNew York :
_bGreenwillow Books,
_c1976.
300 _a56 pages :
_bcolor illustrations ;
_c22 cm.
490 0 _aGreenwillow read-alone
505 _aJ
520 _aLiteral-minded Amelia Bedelia does household chores and gets dinner ready.
521 8 _a430
_bLexile
521 8 _aJ
_bRaz-Plus
650 1 _aHumorous stories.
_2Early reader
650 1 _aFunny
_2Housework
700 1 _aSweat, Lynn.
_dillustrator
856 4 2 _3Publisher description
_uhttp://www.loc.gov/catdir/description/hc043/75020360.html
906 _a7
_bcbc
_corignew
_d1
_eocip
_f19
_gy-gencatlg
942 _2ddc
_cBK
_n0
999 _c6220
_d6220